Normal view
MARC view
- FAMILY & RELATIONSHIPS / Parenting / General
Entry Topical Term
001 - CONTROL NUMBER
- control field: 98387
003 - CONTROL NUMBER IDENTIFIER
- control field: NUST
005 - DATE AND TIME OF LATEST TRANSACTION
- control field: 20220823165343.0
008 - FIXED-LENGTH DATA ELEMENTS
- fixed length control field: 220823|| aca||aabn | a|a d
040 ## - CATALOGING SOURCE
- Original cataloging agency: NUST
- Transcribing agency: NUST
150 ## - HEADING--TOPICAL TERM
- Topical term or geographic name entry element: FAMILY & RELATIONSHIPS / Parenting / General
670 ## - SOURCE DATA FOUND
- Source citation: Work cat.: (NUST)0: Stixrud, William R., author. 98381, The self-driven child :
